Longest International Borders - Europe Edition - Statistics

General Stats
  • This quiz has been taken 6,510 times
  • The average score is 24 of 25
Answer Stats
Answer % Correct
France
99%
Germany
99%
Russia
99%
Spain
99%
Finland
98%
Italy
98%
Norway
98%
Poland
98%
Sweden
98%
Austria
97%
Portugal
97%
Ukraine
97%
Switzerland
96%
Romania
95%
Belarus
94%
Hungary
93%
Belgium
92%
Bulgaria
92%
Netherlands
92%
Slovakia
92%
Croatia
90%
Czech Republic
89%
Slovenia
89%
Bosnia
88%
Moldova
85%
No matching quizzes found
Score Distribution
Percent of People with Each Score
Percentile by Number Answered
Your Score History
You have not taken this quiz